Fr. Conceicao Rodrigues College of Engineering

Electric Circuits : Schan on the series (Record no. 28401)

MARC details
000 -LEADER
fixed length control field 00332nam a2200145Ia 4500
082 ## - DEWEY DECIMAL CLASSIFICATION NUMBER
Classification number 621.3192
Item number EDM
100 ## - MAIN ENTRY--PERSONAL NAME
Personal name Edminister/ J.A.
250 ## - EDITION STATEMENT
Edition statement 2
245 ## - TITLE STATEMENT
Title Electric Circuits : Schan on the series
260 ## - PUBLICATION, DISTRIBUTION, ETC.
Name of publisher, distributor, etc. Tata Mc Graw hill
Place of publication, distribution, etc. Bombay
Date of publication, distribution, etc. 1991
300 ## - PHYSICAL DESCRIPTION
Extent 298
546 ## - LANGUAGE NOTE
Language note ENGLISH
654 ## - SUBJECT ADDED ENTRY--FACETED TOPICAL TERMS
Focus term Circuits
942 ## - ADDED ENTRY ELEMENTS (KOHA)
Koha item type BOOK
Holdings
Withdrawn status Lost status Damaged status Not for loan Collection Home library Current library Shelving location Date acquired Total Checkouts Full call number Barcode Date last seen Price effective from Koha item type
        CRC Fr. Agnel's C.Rodrigues College of Engineering Fr. Agnel's C.Rodrigues College of Engineering   17/03/2023   621.3192 EDM 9966 17/03/2023 17/03/2023 BOOK